[Event "Millenium"]
[Site "Charlesbourg CAN"]
[Date "2014.11.03"]
[Round "5"]
[White "Garneau, Benoit"]
[Black "Cossette, Daniel"]
[Result "0-1"]
[WhiteElo "1942"]
[BlackElo "2029"]
[PlyCount "83"]
[EventDate "2014.10.06"]
[EventType "tourn"]
[EventRounds "5"]
[EventCountry "CAN"]

1. Nf3 d5 2. g3 c5 3. Bg2 Nc6 4. d4 e6 5. O-O Nf6 6. c4 Be7 7. cxd5 exd5 8. Nc3
O-O 9. Bg5 c4 10. Ne5 Be6 11. Nxc6 bxc6 12. Qa4 Qb6 13. e3 Qxb2 14. Rfc1 Rfc8
15. Bxf6 gxf6 16. Rab1 Qa3 17. Qd1 Rab8 18. Rc2 Rb6 19. e4 dxe4 20. Bxe4 f5 21.
Rxb6 axb6 22. Bg2 Bf6 23. d5 Rd8 24. Qf3 cxd5 25. Nxd5 Qxf3 26. Nxf6+ Kg7 27.
Ne8+ Rxe8 28. Bxf3 b5 29. Bc6 Rb8 30. a3 Rb6 31. Bf3 Kf6 32. Kf1 Ke5 33. Ke2
Kd4 34. Kd2 b4 35. axb4 Rxb4 36. Bg2 Rb3 37. Bf1 c3+ 38. Kc1 Bd5 39. Be2 Be4
40. Bd1 Bxc2 41. Bxc2 Rb5 42. Kd1 0-1

[Event "Millenium"]
[Site "Charlesbourg CAN"]
[Date "2014.11.03"]
[Round "5"]
[White "Hirschberg, Valerian"]
[Black "Beaudoin, Stephane"]
[Result "1-0"]
[WhiteElo "2321"]
[BlackElo "2167"]
[PlyCount "89"]
[EventDate "2014.10.06"]
[EventType "tourn"]
[EventRounds "5"]
[EventCountry "CAN"]

1. Nf3 Nf6 2. c4 g6 3. g3 Bg7 4. Bg2 O-O 5. d4 c5 6. O-O cxd4 7. Nxd4 Nc6 8.
Nc3 Ng4 9. e3 Nge5 10. b3 d6 11. h3 Bd7 12. Bb2 Nxd4 13. exd4 Nc6 14. d5 Na5
15. Qe2 Rc8 16. Rfe1 Re8 17. Bf1 a6 18. Ne4 b5 19. Bxg7 Kxg7 20. cxb5 axb5 21.
Qe3 Qc7 22. h4 Ra8 23. h5 Qa7 24. h6+ Kg8 25. Qc3 f6 26. b4 Nc4 27. Bxc4 bxc4
28. Qxc4 Rac8 29. Qd3 Qb6 30. a3 Bb5 31. Qe3 Qxe3 32. Rxe3 Rc4 33. Nc3 Bd7 34.
b5 Kf7 35. a4 f5 36. a5 g5 37. Ra3 f4 38. Re4 Bxb5 39. Rxc4 Bxc4 40. a6 fxg3
41. fxg3 Kg6 42. a7 Ra8 43. Ra5 Kxh6 44. Na4 Bxd5 45. Nb6 1-0

[Event "Millenium"]
[Site "Charlesbourg CAN"]
[Date "2014.11.03"]
[Round "5"]
[White "Plante, Rejean"]
[Black "Lessard, Claude"]
[Result "1-0"]
[WhiteElo "2026"]
[BlackElo "2059"]
[PlyCount "57"]
[EventDate "2014.10.06"]
[EventType "tourn"]
[EventRounds "5"]
[EventCountry "CAN"]

1. Nf3 Nf6 2. c4 b5 3. cxb5 d5 4. g3 a6 5. bxa6 Bxa6 6. Bg2 e6 7. d4 Nbd7 8.
O-O Bd6 9. Nc3 O-O 10. Re1 Qb8 11. e4 dxe4 12. Ng5 c5 13. Ncxe4 cxd4 14. Qxd4
Bb4 15. Nxf6+ Nxf6 16. Bf4 Qb5 17. Bxa8 Rxa8 18. Re5 Nd5 19. Qe4 g6 20. a4 Qb7
21. Nxe6 fxe6 22. Rxe6 Nxf4 23. Qxf4 Rf8 24. Qe3 Qa8 25. Rb6 Bc8 26. Qb3+ Kg7
27. Rxb4 Bh3 28. Rb7+ Kh6 29. Qe3+ 1-0

[Event "Millenium"]
[Site "Charlesbourg CAN"]
[Date "2014.11.03"]
[Round "5"]
[White "Tremblay-Alix, Eric"]
[Black "Arteau, Benoit"]
[Result "1/2-1/2"]
[WhiteElo "1795"]
[BlackElo "1844"]
[PlyCount "123"]
[EventDate "2014.10.06"]
[EventType "tourn"]
[EventRounds "5"]
[EventCountry "CAN"]

1. f4 d5 2. Nf3 c5 3. e3 Nc6 4. b3 Bg4 5. Be2 e6 6. O-O Be7 7. Bb2 Bf6 8. Ne5
Bxe2 9. Qxe2 Nge7 10. d4 cxd4 11. exd4 Qb6 12. Qf2 Nf5 13. c3 Nd6 14. Nd2 O-O
15. Ng4 Be7 16. Rae1 a5 17. Re3 a4 18. b4 Qc7 19. Rh3 b5 20. Qe2 Rab8 21. Nh6+
gxh6 22. Qh5 f5 23. Qxh6 Bf6 24. Rff3 Qf7 25. Rfg3+ Kh8 26. Rg6 Rb7 27. Nf3 Ne4
28. Ng5 Bxg5 29. fxg5 Re7 30. Bc1 Rg8 31. Rxg8+ Kxg8 32. Bf4 Qg7 33. Qh5 e5 34.
dxe5 Nxe5 35. Qd1 Qf7 36. Qd4 Ng6 37. Bc1 Qe6 38. Rd3 Rd7 39. Rf3 Ne5 40. Rf1
Ng6 41. Qd3 Rb7 42. Rd1 Ne7 43. Bf4 Qb6+ 44. Be3 Qd6 45. g4 f4 46. Qxe4 fxe3
47. Qxe3 Qb6 48. Rd4 Qg6 49. Kg2 h5 50. gxh6 Nf5 51. Qd3 Nh4+ 52. Kg3 Qxh6 53.
Rxd5 Ng6 54. Rh5 Qf4+ 55. Kh3 Kg7 56. Rf5 Qh6+ 57. Kg3 Re7 58. Qd4+ Kg8 59.
Qd5+ Kg7 60. Qd4+ Kg8 61. Qd5+ Kg7 62. Qd4+ 1/2-1/2

[Event "Mini-COC"]
[Site "Montreal CAN"]
[Date "2014.07.19"]
[Round "1"]
[White "Couvrette, Jacques"]
[Black "Poirier, Alexis"]
[Result "0-1"]
[WhiteElo "998"]
[BlackElo "1520"]
[PlyCount "66"]
[EventDate "2014.07.19"]
[EventType "swiss"]
[EventRounds "9"]
[EventCountry "CAN"]

1. d4 Nf6 2. c4 g6 3. Nc3 Bg7 4. Nf3 O-O 5. e4 d6 6. Be3 e5 7. d5 a5 8. h3 Na6
9. a3 Nc5 10. Bxc5 dxc5 11. Qc2 Ne8 12. Be2 Nd6 13. b3 Bd7 14. a4 f5 15. Bd3 f4
16. Ne2 g5 17. Nh2 Qf6 18. f3 h5 19. O-O-O Bh6 20. Rdg1 g4 21. hxg4 hxg4 22.
Nxg4 Bxg4 23. fxg4 f3+ 24. Kb2 fxe2 25. Bxe2 Be3 26. Rf1 Bd4+ 27. Ka2 Qg6 28.
Qd3 Qxe4 29. Qxe4 Nxe4 30. Rxf8+ Rxf8 31. Bd3 Rf2+ 32. Kb1 Nc3+ 33. Kc1 Be3#
0-1

[Event "Mini-COC"]
[Site "Montreal CAN"]
[Date "2014.07.19"]
[Round "1"]
[White "Gervais, Marcel"]
[Black "Petigrew, Alexandre"]
[Result "1/2-1/2"]
[WhiteElo "1322"]
[BlackElo "1145"]
[Annotator "JLG"]
[PlyCount "114"]
[EventDate "2014.07.19"]
[EventType "swiss"]
[EventRounds "9"]
[EventCountry "CAN"]

1. c4 Nf6 2. Nc3 d5 3. cxd5 Nxd5 4. Nf3 Nxc3 5. bxc3 Bf5 6. d3 Nc6 7. e4 Bg4 8.
Be2 e5 9. Qb3 Rb8 10. Ng5 Be6 11. Nxe6 fxe6 12. Qxe6+ Qe7 13. Qxe7+ Bxe7 14.
O-O O-O 15. Be3 a6 16. f4 b5 17. fxe5 Nxe5 18. d4 Nc6 19. Bf4 Rb7 20. Bg4 g5
21. Be3 Na5 22. d5 Nc4 23. Be6+ Kg7 24. Bd4+ Bf6 25. Bxf6+ Rxf6 26. Rxf6 Kxf6
27. Rf1+ Ke5 28. Bf5 Ne3 29. Rf3 Nxf5 30. exf5 Kxd5 31. f6 Rb8 32. Rf5+ Ke6 33.
Rxg5 Kxf6 34. Rc5 Rb6 35. Rxc7 h6 36. a3 Ke5 37. Rd7 Rd6 38. Rg7 Kd5 39. Rg4
Re6 40. Kf2 h5 41. Rh4 Re5 42. g4 Re4 43. Rxh5+ Kc4 44. g5 Kxc3 45. Rh3+ Kd4
46. g6 Re7 47. Rg3 Rg7 48. h4 Ke5 49. h5 Kf6 50. Kf3 Kf5 51. Rg2 a5 52. Ke3 Kf6
53. Kd4 b4 54. axb4 axb4 55. Kc4 Rc7+ 56. Kxb4 Kg7 57. h6+ Kxh6 1/2-1/2

[Event "Mini-COC"]
[Site "Montreal CAN"]
[Date "2014.07.19"]
[Round "2"]
[White "Kozlov, Guennadi"]
[Black "Blanchet, Robert"]
[Result "1/2-1/2"]
[WhiteElo "1567"]
[BlackElo "1832"]
[PlyCount "98"]
[EventDate "2014.07.19"]
[EventType "swiss"]
[EventRounds "9"]
[EventCountry "CAN"]

1. e4 c5 2. c3 d5 3. exd5 Qxd5 4. d4 e5 5. dxe5 Qxe5+ 6. Qe2 Qe6 7. Nf3 h6 8.
Na3 a6 9. Nc4 Qxe2+ 10. Bxe2 Be6 11. Nb6 Ra7 12. Bf4 Nd7 13. Nxd7 Bxd7 14. Bc4
b5 15. Bd5 Nf6 16. Bb8 Nxd5 17. Bxa7 Bd6 18. O-O-O Be6 19. Nd2 O-O 20. Nb3 Rc8
21. g3 Bf8 22. Rhe1 Nf6 23. f3 b4 24. cxb4 cxb4+ 25. Kb1 a5 26. Nd4 Bd5 27. Rc1
Bc4 28. Ka1 a4 29. Nf5 Ra8 30. Rxc4 Rxa7 31. Rc8 g6 32. Nxh6+ Kg7 33. g4 Nd5
34. g5 Be7 35. h4 f5 36. Rec1 a3 37. Rg8+ Kh7 38. Rcc8 Nf6 39. gxf6 Bxf6 40.
Rgf8 Bxb2+ 41. Kb1 Kxh6 42. Rb8 Bc3 43. Kc2 Rd7 44. Rbd8 Rc7 45. Rc8 Re7 46.
Rfe8 Rxe8 47. Rxe8 Kh5 48. Rg8 Bf6 49. Kb3 Bc3 1/2-1/2

[Event "Mini-COC"]
[Site "Montreal CAN"]
[Date "2014.07.19"]
[Round "2"]
[White "Scatcherd, Steve"]
[Black "Grenier, Jean-Luc"]
[Result "0-1"]
[WhiteElo "1257"]
[BlackElo "1751"]
[PlyCount "50"]
[EventDate "2014.07.19"]
[EventType "swiss"]
[EventRounds "9"]
[EventCountry "CAN"]

1. d4 Nf6 2. c4 g6 3. Nc3 d5 4. Nf3 Bg7 5. cxd5 Nxd5 6. g3 O-O 7. Bg2 c5 8. O-O
cxd4 9. Nxd4 Nxc3 10. bxc3 Qa5 11. Qb3 Nd7 12. Bxb7 Nc5 13. Nc6 Qc7 14. Bf4
Qxb7 15. Qxb7 Bxb7 16. Nxe7+ Kh8 17. Rac1 Rfe8 18. Bd6 Ne4 19. Bb4 Bf8 20. f3
Nf6 21. Nxg6+ hxg6 22. a3 Rxe2 23. c4 Bh6 24. Rb1 Be3+ 25. Kh1 Ng4 0-1

[Event "Mississauga CC Thursday"]
[Site "Mississauga CAN"]
[Date "2014.05.29"]
[Round "4"]
[White "Sabbagh, Thair"]
[Black "Supsup, Ferdinand"]
[Result "0-1"]
[WhiteElo "2029"]
[BlackElo "1855"]
[PlyCount "96"]
[EventDate "2014.05.08"]
[EventType "swiss"]
[EventRounds "6"]
[EventCountry "CAN"]

1. c4 e5 2. Nc3 Bb4 3. Qc2 Nf6 4. a3 Bxc3 5. Qxc3 d6 6. d3 Nc6 7. g3 Ne7 8. Bg2
c6 9. Bg5 Ng6 10. e4 h6 11. Bxf6 Qxf6 12. Ne2 Bg4 13. Qd2 Nf8 14. O-O Bxe2 15.
Qxe2 Ne6 16. Qe3 Nd4 17. Rac1 Qg5 18. f4 Qe7 19. Rf2 O-O 20. Rcf1 c5 21. f5 f6
22. Bf3 b5 23. cxb5 Nxb5 24. Rc1 a5 25. Bd1 Nd4 26. Rc3 Rfb8 27. Rd2 Rb6 28.
Qf2 Rab8 29. Rc1 Qb7 30. Rb1 Qa6 31. Ba4 c4 32. dxc4 Qxc4 33. b4 axb4 34. axb4
Rxb4 35. Rxb4 Rxb4 36. Bd7 Qc3 37. Kg2 Qc4 38. Rb2 Kf8 39. Rxb4 Qxb4 40. Qa2
Qb7 41. Qa4 Qxe4+ 42. Kh3 Qb7 43. g4 Ke7 44. Be8 Ne2 45. Bc6 Qb6 46. Qc4 Nf4+
47. Kg3 Qe3+ 48. Bf3 Qe1# 0-1

[Event "Montcalm I 2014-15"]
[Site "Quebec CAN"]
[Date "2014.09.04"]
[Round "1"]
[White "Belzil, Claude"]
[Black "Boulianne, Gabriel"]
[Result "0-1"]
[WhiteElo "1363"]
[BlackElo "1780"]
[PlyCount "86"]
[EventDate "2014.09.04"]
[EventType "swiss"]
[EventRounds "5"]
[EventCountry "CAN"]

1. d4 Nf6 2. c4 g6 3. Nf3 Bg7 4. e3 O-O 5. Bd3 d5 6. cxd5 Nxd5 7. O-O Bg4 8.
Nc3 Nxc3 9. bxc3 c5 10. Be2 Nc6 11. h3 Bf5 12. Ba3 cxd4 13. exd4 Qa5 14. Qb3
Be6 15. Qxb7 Qxa3 16. Qxc6 Rfc8 17. Qe4 Bf5 18. Qh4 Rxc3 19. Ng5 h6 20. Ne4 g5
21. Nxg5 hxg5 22. Qxg5 Bd3 23. Bxd3 Rxd3 24. Rfd1 Kf8 25. Qd5 Rb8 26. Rab1
Rxd1+ 27. Rxd1 Qd6 28. Qc5 Rd8 29. Qxd6 Rxd6 30. Rb1 Bxd4 31. Rb8+ Kg7 32. Rb7
Kf6 33. Kf1 Ra6 34. Rb4 Be5 35. h4 Rxa2 36. g4 Bd6 37. Re4 Rb2 38. Ra4 Bc5 39.
Rf4+ Kg7 40. Rf5 Rxf2+ 41. Rxf2 Bxf2 42. Kxf2 Kg6 43. Kf3 a5 0-1

[Event "Montcalm I 2014-15"]
[Site "Quebec CAN"]
[Date "2014.09.04"]
[Round "1"]
[White "Bourassa, Andre"]
[Black "Calafateanu, Vlad"]
[Result "0-1"]
[WhiteElo "1820"]
[BlackElo "1416"]
[PlyCount "121"]
[EventDate "2014.09.04"]
[EventType "swiss"]
[EventRounds "5"]
[EventCountry "CAN"]

1. d4 Nf6 2. c4 d5 3. cxd5 Nxd5 4. e4 Nf6 5. Bd3 Nc6 6. Ne2 e5 7. Be3 Bb4+ 8.
Nbc3 O-O 9. d5 Ne7 10. O-O c6 11. dxc6 Nxc6 12. Nd5 Nxd5 13. exd5 Ne7 14. Bc4
Bf5 15. Qb3 Qd6 16. a3 Bc5 17. Rfd1 Rfd8 18. Bg5 h6 19. Bh4 Bb6 20. Nc3 g5 21.
Bg3 a6 22. Rd2 Ba5 23. Re1 f6 24. Red1 Kg7 25. Be2 b5 26. Bd3 Bxc3 27. bxc3
Qxd5 28. Qxd5 Rxd5 29. Bxf5 Rxd2 30. Rxd2 Nxf5 31. Rd7+ Kg6 32. Rd1 Rc8 33. Rc1
Nd4 34. Kf1 Rc4 35. f3 Nb3 36. Rc2 Ra4 37. Ra2 Na5 38. Bf2 Nc4 39. Bc5 Kf5 40.
Ke2 h5 41. g3 e4 42. Bd4 exf3+ 43. Kxf3 Rxa3 44. Rf2 Ne5+ 45. Ke3+ Ke6 46. Bxe5
Kxe5 47. Re2 Rxc3+ 48. Kd2+ Kd4 49. Re6 Ra3 50. Rxf6 Ra2+ 51. Kc1 Rxh2 52. Rxa6
Rh3 53. Rb6 Kc4 54. Rc6+ Kb4 55. Rh6 Kb3 56. Kd2 b4 57. Ke2 h4 58. gxh4 gxh4
59. Kf2 Kc2 60. Kg2 Rc3 61. Rxh4 0-1

[Event "Montcalm I 2014-15"]
[Site "Quebec CAN"]
[Date "2014.09.04"]
[Round "1"]
[White "Cummins, Paul"]
[Black "Pelletier, Daniel"]
[Result "1-0"]
[WhiteElo "1780"]
[BlackElo "1362"]
[PlyCount "115"]
[EventDate "2014.09.04"]
[EventType "swiss"]
[EventRounds "5"]
[EventCountry "CAN"]

1. e4 c5 2. Nf3 e6 3. d4 cxd4 4. c3 Nc6 5. cxd4 d5 6. e5 Qc7 7. Nc3 a6 8. Be2
Bb4 9. O-O Bd7 10. Bg5 Be7 11. Be3 O-O-O 12. Rc1 Kb8 13. a3 f6 14. b4 Qb6 15.
Na4 Qa7 16. Re1 f5 17. b5 Na5 18. b6 Qa8 19. Nc5 Bxc5 20. dxc5 Ne7 21. Bg5 Rde8
22. Nd4 Nac6 23. Nb3 Kc8 24. Bh5 g6 25. Be2 h6 26. Bf6 Rhg8 27. Qd2 g5 28. Bh5
Ref8 29. Be2 Ng6 30. Qb2 Qb8 31. Bh5 Be8 32. Nd4 Nf4 33. Nxc6 Bxc6 34. Be2
Nxe2+ 35. Qxe2 Rf7 36. Rcd1 Kd7 37. Rd4 Qe8 38. f3 Rh7 39. Qc2 Qg6 40. g4 f4
41. Qxg6 Rxg6 42. h4 h5 43. Bxg5 hxg4 44. Rxf4 gxf3 45. Kf2 Ke8 46. Rd1 Rf7 47.
Rdd4 Rf5 48. Rxf5 exf5 49. Kxf3 Kf7 50. Kf4 Ke6 51. Rd2 Rg7 52. Rh2 Rh7 53. h5
Be8 54. h6 Bd7 55. Bf6 d4 56. Bg7 Kd5 57. Rc2 Be6 58. c6 1-0

[Event "Montcalm I 2014-15"]
[Site "Quebec CAN"]
[Date "2014.09.04"]
[Round "1"]
[White "Gagnon, Stephane"]
[Black "Plante, Rejean"]
[Result "0-1"]
[WhiteElo "1558"]
[BlackElo "2033"]
[PlyCount "40"]
[EventDate "2014.09.04"]
[EventType "swiss"]
[EventRounds "5"]
[EventCountry "CAN"]

1. e4 c5 2. Nf3 Nc6 3. d4 cxd4 4. Nxd4 Qb6 5. Nb3 e6 6. Nc3 a6 7. Be3 Qc7 8.
Qd2 Nf6 9. f3 Be7 10. O-O-O d6 11. Na4 Nd7 12. f4 b5 13. Nc3 O-O 14. Kb1 Rd8
15. Bxb5 axb5 16. Nxb5 Qb8 17. Nxd6 Nf6 18. e5 Ne4 19. Qd3 Nxd6 20. exd6 Rxd6
0-1

[Event "Montcalm I 2014-15"]
[Site "Quebec CAN"]
[Date "2014.09.04"]
[Round "1"]
[White "Genest, Dominic"]
[Black "Sarra-Bournet, Marc"]
[Result "1-0"]
[WhiteElo "1377"]
[BlackElo "1808"]
[PlyCount "105"]
[EventDate "2014.09.04"]
[EventType "swiss"]
[EventRounds "5"]
[EventCountry "CAN"]

1. c4 e5 2. Nc3 Nf6 3. g3 Bc5 4. Bg2 O-O 5. e3 c6 6. d4 exd4 7. exd4 Qe7+ 8.
Qe2 Qxe2+ 9. Ngxe2 Bb4 10. Bg5 Be7 11. Ne4 Nxe4 12. Bxe7 Re8 13. Ba3 d5 14. f3
Nf6 15. c5 Bf5 16. Kf2 Nbd7 17. Rae1 Re7 18. g4 Bxg4 19. fxg4 Nxg4+ 20. Kg3
Ndf6 21. Nc3 Ne3 22. Nd1 Nf5+ 23. Kf2 Ng4+ 24. Kf3 Nxh2+ 25. Kf4 Rxe1 26. Rxe1
Nh6 27. Bh3 g5+ 28. Kg3 g4 29. Kxh2 gxh3 30. b4 Nf5 31. Bb2 a5 32. a3 axb4 33.
axb4 Ra2 34. Kxh3 Ra4 35. Rf1 Ne7 36. Bc3 f5 37. Kh4 Ng6+ 38. Kg5 f4 39. Nf2
Ra2 40. Nd3 Rg2+ 41. Kf6 Rg3 42. Rd1 f3 43. Be1 Rg2 44. Bf2 Rh2 45. Re1 Kf8 46.
Re3 Rh3 47. Ne5 Nxe5 48. dxe5 h5 49. e6 Rh1 50. e7+ Ke8 51. Rxf3 h4 52. Be3 h3
53. Ke6 1-0

[Event "Montcalm I 2014-15"]
[Site "Quebec CAN"]
[Date "2014.09.04"]
[Round "1"]
[White "Gingras, Philippe"]
[Black "Lessard, Claude"]
[Result "0-1"]
[WhiteElo "2045"]
[BlackElo "1647"]
[PlyCount "64"]
[EventDate "2014.09.04"]
[EventType "swiss"]
[EventRounds "5"]
[EventCountry "CAN"]

1. d4 Nf6 2. c4 c5 3. d5 b5 4. cxb5 a6 5. Nf3 axb5 6. e3 b4 7. a4 g6 8. b3 Bg7
9. Bb2 O-O 10. Bc4 Bb7 11. Qd3 d6 12. Nbd2 Nbd7 13. e4 Nb6 14. O-O-O Ra5 15. h3
Qa8 16. g4 Bc8 17. g5 Nh5 18. Bxg7 Kxg7 19. e5 Nf4 20. Qe4 Nfxd5 21. exd6 exd6
22. Nb1 Bf5 23. Bxd5 Bxe4 24. Bxa8 Rfxa8 25. Nbd2 Bc6 26. Rhe1 c4 27. Nd4 Bd7
28. Nxc4 Nxc4 29. bxc4 Bxa4 30. Rd2 Bd7 31. Nb5 Bxb5 32. cxb5 Ra1+ 0-1

[Event "Montcalm I 2014-15"]
[Site "Quebec CAN"]
[Date "2014.09.04"]
[Round "1"]
[White "Leblanc-Legault, Mathieu"]
[Black "Dube, Daniel"]
[Result "0-1"]
[WhiteElo "1427"]
[BlackElo "1832"]
[PlyCount "132"]
[EventDate "2014.09.04"]
[EventType "swiss"]
[EventRounds "5"]
[EventCountry "CAN"]

1. d4 Nf6 2. c4 g6 3. Nf3 d5 4. Nc3 Bg7 5. e3 c5 6. cxd5 Nxd5 7. Bb5+ Nc6 8.
O-O O-O 9. a3 Nxc3 10. bxc3 Qa5 11. Bxc6 bxc6 12. Qc2 Ba6 13. Re1 Rab8 14. Bd2
Bc4 15. Ne5 Bxe5 16. dxe5 Rfd8 17. Qe4 Qa6 18. Bc1 Rd3 19. Qf4 Rbd8 20. h4 Be6
21. Qg5 Qc4 22. Bb2 Qb3 23. h5 Qxb2 24. Qxe7 Qxc3 25. Qf6 gxh5 26. f4 R8d5 27.
f5 Qxe5 28. Qxe5 Rxe5 29. fxe6 Rxe6 30. Kf2 Rd2+ 31. Re2 Rf6+ 32. Ke1 Rd3 33.
a4 Re6 34. Rc1 Re5 35. Kf2 Ra3 36. Rc4 Kf8 37. Rec2 Raxe3 38. Rxc5 Re2+ 39. Kf3
Rxc2 40. Rxc2 c5 41. Kf4 f6 42. Rb2 Kf7 43. Rb7+ Re7 44. Rb5 Rc7 45. Ke4 c4 46.
Rxh5 Kg6 47. Rh1 c3 48. Rc1 Kg5 49. Kd3 c2 50. Rxc2 Rxc2 51. Kxc2 Kf5 52. Kd3
Ke5 53. Kc4 Kd6 54. Kd4 f5 55. Kc4 h5 56. Kd4 h4 57. Ke3 Ke5 58. Kf3 f4 59. Kg4
a5 60. Kxh4 Kf5 61. g4+ Ke4 62. g5 f3 63. g6 f2 64. g7 f1=Q 65. Kg5 Qf7 66. Kh6
Qg8 0-1

[Event "Montcalm I 2014-15"]
[Site "Quebec CAN"]
[Date "2014.09.04"]
[Round "1"]
[White "Marquis, Paul"]
[Black "Hebert, Andre jr"]
[Result "1-0"]
[WhiteElo "2033"]
[BlackElo "1621"]
[PlyCount "71"]
[EventDate "2014.09.04"]
[EventType "swiss"]
[EventRounds "5"]
[EventCountry "CAN"]

1. c4 Nf6 2. Nc3 d5 3. cxd5 Nxd5 4. g3 e5 5. Bg2 Be6 6. Nf3 Nc6 7. O-O Be7 8.
d3 h6 9. Bd2 O-O 10. Rc1 Qd7 11. a3 f5 12. Nxd5 Bxd5 13. Bc3 Bxf3 14. Bxf3 Qe6
15. Bxc6 bxc6 16. Qa4 c5 17. Bd2 Rfb8 18. b4 cxb4 19. axb4 Rb7 20. Rc6 Bd6 21.
Ra6 Qd5 22. Ra5 Qd4 23. Rb1 c5 24. Qa2+ Kh7 25. Be3 Qg4 26. Qd5 Rab8 27. Qxd6
Rxb4 28. Rxb4 Rxb4 29. f3 Qh3 30. Ra1 f4 31. gxf4 exf4 32. Bxf4 Qh4 33. Bg3 Qg5
34. Qe5 Qd2 35. Rxa7 Rb1+ 36. Kg2 1-0

[Event "Montcalm I 2014-15"]
[Site "Quebec CAN"]
[Date "2014.09.04"]
[Round "1"]
[White "Ripoll, Arthur"]
[Black "Pouliot, Andre"]
[Result "1-0"]
[WhiteElo "1733"]
[BlackElo "1351"]
[PlyCount "57"]
[EventDate "2014.09.04"]
[EventType "swiss"]
[EventRounds "5"]
[EventCountry "CAN"]

1. e4 c5 2. Nf3 Nc6 3. d4 cxd4 4. Nxd4 Nf6 5. Nc3 a6 6. f3 Qc7 7. Be3 e6 8. Qd2
Be7 9. g4 d6 10. O-O-O Nxd4 11. Bxd4 b5 12. g5 Nh5 13. Kb1 Bb7 14. Bh3 e5 15.
Be3 Nf4 16. Bxf4 exf4 17. Qxf4 O-O 18. Bf5 b4 19. Nd5 Bxd5 20. Rxd5 a5 21. h4
g6 22. Bg4 Qd8 23. Qd2 Kg7 24. f4 h5 25. gxh6+ Kxh6 26. h5 Qb6 27. hxg6+ Kxg6
28. f5+ Kg7 29. Qh6+ 1-0

[Event "Montcalm I 2014-15"]
[Site "Quebec CAN"]
[Date "2014.09.11"]
[Round "2"]
[White "Badeaux, Yan"]
[Black "Pouliot, Andre"]
[Result "1-0"]
[WhiteElo "1476"]
[BlackElo "1351"]
[PlyCount "99"]
[EventDate "2014.09.04"]
[EventType "swiss"]
[EventRounds "5"]
[EventCountry "CAN"]

1. d4 Nf6 2. c4 g6 3. g3 Bg7 4. Nf3 d6 5. Bg2 O-O 6. O-O c5 7. Nc3 Bd7 8. d5
Bg4 9. e4 Nbd7 10. Bf4 Nh5 11. Qd2 Nxf4 12. Qxf4 Bxf3 13. Bxf3 Qa5 14. Qd2 Qb4
15. Be2 Ne5 16. Nb1 Nf3+ 17. Bxf3 Qxb2 18. Qxb2 Bxb2 19. Nd2 Bxa1 20. Rxa1 Rfb8
21. a4 b5 22. axb5 Kg7 23. Bg2 Rf8 24. f4 Kf6 25. Nf3 h5 26. h4 Rfb8 27. Bh3 a5
28. e5+ Kg7 29. Ra4 f6 30. e6 Kh6 31. Kf2 f5 32. Nd2 Rf8 33. Nb3 g5 34. hxg5+
Kg6 35. Kf3 Rh8 36. Ke3 h4 37. Kf3 Rh7 38. g4 fxg4+ 39. Kxg4 Kg7 40. Rxa5 Rhh8
41. Rxa8 Rxa8 42. Kxh4 Ra2 43. b6 Rb2 44. Na5 Rxb6 45. f5 Ra6 46. Nc6 Kf8 47.
f6 Ra4 48. Nxe7 Rxc4+ 49. Kh5 Ke8 50. Ng6 1-0

[Event "Montcalm I 2014-15"]
[Site "Quebec CAN"]
[Date "2014.09.11"]
[Round "2"]
[White "Boulianne, Gabriel"]
[Black "Teurtrie, Norbert"]
[Result "1-0"]
[WhiteElo "1780"]
[BlackElo "1150"]
[PlyCount "61"]
[EventDate "2014.09.04"]
[EventType "swiss"]
[EventRounds "5"]
[EventCountry "CAN"]

1. e4 e5 2. Nf3 Nc6 3. Bc4 Nf6 4. Ng5 d5 5. exd5 Nxd5 6. Nxf7 Kxf7 7. Qf3+ Ke8
8. Bxd5 Ne7 9. Bf7+ Kd7 10. Qd3+ Nd5 11. Bxd5 c6 12. Bxc6+ Kc7 13. Qxd8+ Kxd8
14. Be4 Bc5 15. d3 g6 16. Nc3 Rf8 17. O-O Be6 18. Bxb7 Rb8 19. Bd5 Rb6 20. Bxe6
Rxe6 21. Bg5+ Kc8 22. Nd5 Rf5 23. Be3 Bd4 24. Bxd4 exd4 25. c4 Kd7 26. Rfe1
Ref6 27. Nxf6+ Rxf6 28. Re4 h5 29. Rxd4+ Ke6 30. Re1+ Kf7 31. Rd7+ 1-0

[Event "Montcalm I 2014-15"]
[Site "Quebec CAN"]
[Date "2014.09.11"]
[Round "2"]
[White "Chevalier, Jean"]
[Black "Bourassa, Andre"]
[Result "0-1"]
[WhiteElo "1401"]
[BlackElo "1820"]
[PlyCount "76"]
[EventDate "2014.09.04"]
[EventType "swiss"]
[EventRounds "5"]
[EventCountry "CAN"]

1. Nf3 d5 2. d4 Nf6 3. e3 c6 4. b3 Nbd7 5. Bb2 e6 6. Bd3 Bd6 7. Nc3 O-O 8. O-O
e5 9. e4 exd4 10. Nxd4 Qc7 11. g3 dxe4 12. Nxe4 Nxe4 13. Bxe4 Nf6 14. Nf5 Nxe4
15. Qg4 f6 16. Qxe4 Bxf5 17. Qxf5 Rae8 18. Qd3 Be5 19. Qc4+ Qf7 20. c3 Qxc4 21.
bxc4 Rd8 22. f4 Bc7 23. Ba3 Rfe8 24. Rfe1 Kf7 25. Kf1 b6 26. Rxe8 Rxe8 27. Re1
Rxe1+ 28. Kxe1 c5 29. Ke2 Ke6 30. Kf3 f5 31. h4 Bd8 32. h5 Bf6 33. Bb2 a6 34.
Ke3 b5 35. cxb5 axb5 36. a3 Kd5 37. c4+ Kxc4 38. Bxf6 gxf6 0-1

[Event "Montcalm I 2014-15"]
[Site "Quebec CAN"]
[Date "2014.09.11"]
[Round "2"]
[White "Cote, Jean-Francois"]
[Black "Lamontagne, Danny"]
[Result "0-1"]
[WhiteElo "1188"]
[BlackElo "1889"]
[PlyCount "94"]
[EventDate "2014.09.04"]
[EventType "swiss"]
[EventRounds "5"]
[EventCountry "CAN"]

1. c4 Nf6 2. Nc3 e6 3. g3 Bb4 4. Bg2 c5 5. Nf3 Nc6 6. O-O Bxc3 7. bxc3 O-O 8.
d3 h6 9. Bf4 d6 10. e4 e5 11. Be3 Ng4 12. Qd2 Nxe3 13. Qxe3 Be6 14. Nh4 Qa5 15.
Qc1 Ne7 16. f4 exf4 17. gxf4 f5 18. exf5 Nxf5 19. Nxf5 Bxf5 20. d4 Qc7 21. Bd5+
Kh8 22. Rf3 Rae8 23. Qd2 Be4 24. Rh3 Bxd5 25. cxd5 Re4 26. Rf1 cxd4 27. cxd4
Qf7 28. f5 Rg4+ 29. Kh1 Qxd5+ 30. Rff3 Rxf5 31. Qe3 Rxf3 32. Rxf3 Rg6 33. a3
Rf6 34. Kg2 Rxf3 35. Qxf3 Qxf3+ 36. Kxf3 Kg8 37. Ke4 Kf7 38. h4 g5 39. hxg5
hxg5 40. Kf5 g4 41. Kxg4 Ke6 42. Kf4 Kd5 43. Ke3 Kc4 44. Ke4 d5+ 45. Ke5 b5 46.
Kd6 Kxd4 47. Kc6 Kc4 0-1

[Event "Montcalm I 2014-15"]
[Site "Quebec CAN"]
[Date "2014.09.11"]
[Round "2"]
[White "Cournoyer, Dominic"]
[Black "Oliver, Vance"]
[Result "1-0"]
[WhiteElo "1931"]
[BlackElo "1693"]
[PlyCount "85"]
[EventDate "2014.09.04"]
[EventType "swiss"]
[EventRounds "5"]
[EventCountry "CAN"]

1. c4 Nf6 2. Nc3 g6 3. Nf3 Bg7 4. g3 d6 5. Bg2 Nc6 6. O-O O-O 7. Rb1 e5 8. b4
Rb8 9. d3 Re8 10. b5 Nd4 11. Bg5 h6 12. Bxf6 Bxf6 13. Nd5 Bg7 14. e3 Nxf3+ 15.
Bxf3 Bf5 16. Rb3 e4 17. dxe4 Bxe4 18. Bxe4 Rxe4 19. Qd3 Re5 20. Rfb1 Qd7 21. a4
b6 22. Nb4 Rh5 23. Qe4 Qh3 24. Qg2 Qg4 25. Nc6 Re8 26. Rc1 Rc5 27. h3 Qe2 28.
Qf1 Qa2 29. Qd3 Rf5 30. Rc2 Qa1+ 31. Kg2 Qf6 32. Ra3 h5 33. Nxa7 h4 34. g4 Rf3
35. Qd5 Rf5 36. gxf5 Qg5+ 37. Kf1 Re5 38. Qf3 Rxf5 39. Qg4 Qf6 40. Nc6 Rg5 41.
Qc8+ Kh7 42. Nd4 Qe5 43. Nf3 1-0

[Event "Montcalm I 2014-15"]
[Site "Quebec CAN"]
[Date "2014.09.11"]
[Round "2"]
[White "Dube, Daniel"]
[Black "Genest, Dominic"]
[Result "0-1"]
[WhiteElo "1832"]
[BlackElo "1377"]
[PlyCount "104"]
[EventDate "2014.09.04"]
[EventType "swiss"]
[EventRounds "5"]
[EventCountry "CAN"]

1. d4 d5 2. Bf4 Nf6 3. Nc3 c6 4. e3 Bf5 5. Bd3 e6 6. f3 Nh5 7. Nge2 Nxf4 8.
Nxf4 Bd6 9. Bxf5 Bxf4 10. exf4 exf5 11. O-O O-O 12. Qd3 Qf6 13. Rfe1 Na6 14. a3
Nc7 15. Re5 g6 16. Rae1 Ne6 17. Qe3 Rfe8 18. g4 fxg4 19. fxg4 Ng7 20. g5 Rxe5
21. Qxe5 Qxe5 22. Rxe5 Nf5 23. Ne2 Kf8 24. c3 Re8 25. Kf2 h6 26. Ng3 Rxe5 27.
dxe5 Nxg3 28. Kxg3 hxg5 29. fxg5 Ke7 30. a4 b6 31. b4 c5 32. bxc5 bxc5 33. Kf3
Ke6 34. Kf4 a5 35. h4 c4 36. Kf3 Kxe5 37. Ke3 Ke6 38. Kd2 Kf5 39. Ke3 Ke5 40.
Kd2 Ke4 41. Ke2 d4 42. cxd4 Kxd4 43. Kd2 c3+ 44. Kc2 Kc4 45. Kc1 Kb3 46. Kb1
Kxa4 47. Ka2 Kb4 48. Ka1 Kb3 49. Kb1 c2+ 50. Kc1 a4 51. h5 gxh5 52. g6 fxg6 0-1